=LDR 00000nam 2200000 4500 =001 INLIS000000000016295 =005 20130612111552 =008 ***********************************Ind** =035 ##$$0010-061300000016295 =041 ##$$a Ind =082 ##$$a 595.796 =090 ##$$a 595.796, Oda s =100 ##$$a Oda, Hidetomo =245 ##$$a Semut penuai, Hidetomo Oda ; alih bahasa, Enny Widianingsih =250 ##$$a seri misteri alam =260 ##$$a 1997 $b Jakarta =300 ##$$a 32 hlm., ilus, 23 cm =650 ##$$a Semut penuai =700 ##$$a Widianingsih, Enny =850 ##$$a NBPNMAT